[Event "Ustron op-B"]
[Site "Ustron"]
[Date "2023.08.18"]
[Round "8"]
[White "Myrmus, Mateusz"]
[Black "Majewski, Krzysztof"]
[Result "1-0"]
[WhiteElo "2071"]
[BlackElo "1868"]
[PlyCount "103"]
[EventDate "2023.08.11"]
[EventType "swiss"]
[EventRounds "9"]
[EventCountry "POL"]
[SourceTitle "CBM 215 Extra"]
[Source "ChessBase"]
[SourceDate "2023.09.30"]
[SourceVersion "1"]
[SourceVersionDate "2023.09.30"]
[SourceQuality "1"]

1. e4 e6 2. d4 d5 3. Nd2 dxe4 4. Nxe4 Nd7 5. Nf3 Ngf6 6. Bd3 Nxe4 7. Bxe4 Nf6 8. Bg5 Be7 9. Bxf6 Bxf6 10. Qd3 Qd6 11. 0-0-0 Bd7 12. Ne5 Bc6 13. Bxc6+ bxc6 14. Qf3 Qd5 15. c4 Qxf3 16. Nxf3 Ke7 17. Rhe1 Rhd8 18. Ne5 Bxe5 19. Rxe5 a5 20. Rc5 Kd6 21. Kc2 Rdb8 22. Kc3 a4 23. Rh5 h6 24. g4 Rb7 25. f4 Rbb8 26. Re1 f6 27. Rh3 Re8 28. Rhe3 Rab8 29. h4 Re7 30. c5+ Kd7 31. f5 Rbe8 32. b3 a3 33. h5 e5 34. Kc4 Kc8 35. b4 Kb7 36. dxe5 fxe5 37. Rxa3 Rd7 38. Rd3 Rxd3 39. Kxd3 Rd8+ 40. Ke4 Rd4+ 41. Kxe5 Rxg4 42. Re4 Rg5 43. Ke6 Ka6 44. a4 Rg1 45. Rd4 Rg5 46. Rd7 Kb7 47. b5 cxb5 48. axb5 Kb8 49. Rf7 Kc8 50. c6 Kb8 51. b6 cxb6 52. Kd7 1-0

[Event "Bohumin op-A 6th"]
[Site "Bohumin"]
[Date "2023.07.07"]
[Round "7"]
[White "Myrmus, Mateusz"]
[Black "Sikora, Jan"]
[Result "0-1"]
[WhiteElo "2031"]
[BlackElo "2163"]
[PlyCount "98"]
[EventDate "2023.07.01"]
[EventType "swiss"]
[EventRounds "9"]
[EventCountry "CZE"]
[SourceTitle "CBM 215 Extra"]
[Source "ChessBase"]
[SourceDate "2023.09.30"]
[SourceVersion "1"]
[SourceVersionDate "2023.09.30"]
[SourceQuality "1"]

1. e4 c5 2. c3 d5 3. exd5 Qxd5 4. d4 Nf6 5. Nf3 e6 6. Na3 Nc6 7. Nb5 Qd8 8. dxc5 Bxc5 9. Qxd8+ Kxd8 10. Bg5 a6 11. 0-0-0+ Ke7 12. Nbd4 Nxd4 13. Nxd4 Rd8 14. Be2 Bxd4 15. Rxd4 Rxd4 16. cxd4 Bd7 17. Bf3 Bc6 18. Bxc6 Rc8 19. Kd2 Rxc6 20. Kd3 h6 21. Bxf6+ Kxf6 22. Re1 Ke7 23. h4 h5 24. g3 g6 25. b3 Kd6 26. Rg1 b5 27. Re1 Rc8 28. Kd2 Kd5 29. Kd3 f6 30. Kd2 Rc6 31. Kd3 b4 32. Re2 a5 33. Re1 a4 34. bxa4 Rc3+ 35. Kd2 Ra3 36. Ra1 Rxa4 37. Kc2 Ra3 38. Kb2 Rf3 39. Re1 Rxf2+ 40. Kb3 Rd2 41. Rc1 Rxd4 42. Rc8 e5 43. Rd8+ Ke4 44. Rf8 Kf5 45. Rb8 e4 46. Rxb4 Rxb4+ 47. Kxb4 e3 48. Kc3 Ke4 49. a4 Kf3 0-1

[Event "Bohumin op-A 6th"]
[Site "Bohumin"]
[Date "2023.07.06"]
[Round "6"]
[White "Kubos, Rostislav"]
[Black "Myrmus, Mateusz"]
[Result "1/2-1/2"]
[WhiteElo "2187"]
[BlackElo "2031"]
[PlyCount "48"]
[EventDate "2023.07.01"]
[EventType "swiss"]
[EventRounds "9"]
[EventCountry "CZE"]
[SourceTitle "CBM 215 Extra"]
[Source "ChessBase"]
[SourceDate "2023.09.30"]
[SourceVersion "1"]
[SourceVersionDate "2023.09.30"]
[SourceQuality "1"]

1. Nf3 Nf6 2. c4 g6 3. Nc3 d5 4. cxd5 Nxd5 5. e4 Nxc3 6. dxc3 Qxd1+ 7. Kxd1 f6 8. Kc2 e5 9. Be3 Be6 10. Nd2 Nd7 11. Bc4 Bxc4 12. Nxc4 Bc5 13. f3 Bxe3 14. Nxe3 c6 15. Nc4 Ke7 16. Na5 Rab8 17. Rad1 Rhd8 18. Rd2 Nc5 19. Rhd1 Ne6 20. b4 Rxd2+ 21. Rxd2 Nd8 22. a4 Rc8 23. Nc4 Nf7 24. a5 Rd8 1/2-1/2

[Event "Bohumin op-A 6th"]
[Site "Bohumin"]
[Date "2023.07.02"]
[Round "2"]
[White "Myrmus, Mateusz"]
[Black "Mudrak, Josef"]
[Result "1/2-1/2"]
[WhiteElo "2031"]
[BlackElo "2272"]
[PlyCount "31"]
[EventDate "2023.07.01"]
[EventType "swiss"]
[EventRounds "9"]
[EventCountry "CZE"]
[SourceTitle "CBM 215 Extra"]
[Source "ChessBase"]
[SourceDate "2023.09.30"]
[SourceVersion "1"]
[SourceVersionDate "2023.09.30"]
[SourceQuality "1"]

1. e4 c5 2. Nf3 Nc6 3. c3 d5 4. exd5 Qxd5 5. d4 e5 6. Nxe5 Nxe5 7. dxe5 Qxe5+ 8. Be3 Bd7 9. Na3 0-0-0 10. Qf3 Nf6 11. 0-0-0 Bc6 12. Qh3+ Bd7 13. Qf3 Bc6 14. Qh3+ Bd7 15. Qf3 Bc6 16. Qh3+ 1/2-1/2

[Event "Bohumin op-A 6th"]
[Site "Bohumin"]
[Date "2023.07.01"]
[Round "1"]
[White "Drazic, Sinisa"]
[Black "Myrmus, Mateusz"]
[Result "1/2-1/2"]
[WhiteElo "2374"]
[BlackElo "2031"]
[PlyCount "114"]
[EventDate "2023.07.01"]
[EventType "swiss"]
[EventRounds "9"]
[EventCountry "CZE"]
[SourceTitle "CBM 215 Extra"]
[Source "ChessBase"]
[SourceDate "2023.09.30"]
[SourceVersion "1"]
[SourceVersionDate "2023.09.30"]
[SourceQuality "1"]

1. d4 Nf6 2. Bg5 c5 3. dxc5 Qa5+ 4. Qd2 Qxc5 5. Nc3 Nc6 6. e4 d6 7. Bxf6 gxf6 8. Nd5 Kd8 9. 0-0-0 Qa5 10. Qxa5+ Nxa5 11. f4 Bg7 12. g3 Nc6 13. Nf3 Bg4 14. Bg2 e6 15. Ne3 Bxf3 16. Bxf3 Kc7 17. Bh5 Rhf8 18. Rd3 Nb4 19. Rc3+ Nc6 20. Rd3 Nb4 21. Rb3 Na6 22. Rd1 Rad8 23. Rc3+ Kb8 24. Rcd3 Kc7 25. Nc4 Nc5 26. Rxd6 Nxe4 27. Rxd8 Rxd8 28. Rxd8 Kxd8 29. Bxf7 Ke7 30. Bh5 Nd6 31. Na5 e5 32. fxe5 fxe5 33. c3 Ke6 34. Kc2 Kd5 35. Kd3 e4+ 36. Ke2 Ke5 37. Bg4 Kd5 38. a4 b6 39. Nb3 Nc4 40. Bf5 Nxb2 41. a5 h6 42. axb6 axb6 43. Nd2 e3 44. Nf1 Nc4 45. Bh7 Kc5 46. Bg8 Bxc3 47. Bxc4 Kxc4 48. Nxe3+ Kb3 49. Nf5 h5 50. Kd3 b5 51. h3 b4 52. g4 hxg4 53. hxg4 Be5 54. g5 Ka2 55. Ne3 b3 56. Nc4 b2 57. Nxb2 Bxb2 1/2-1/2

[Event "Mosty u Jablunkova op 20th"]
[Site "Mosty u Jablunkova"]
[Date "2023.05.27"]
[Round "2"]
[White "Myrmus, Mateusz"]
[Black "Piesik, Piotr"]
[Result "0-1"]
[WhiteElo "1913"]
[BlackElo "2387"]
[PlyCount "83"]
[EventDate "2023.05.27"]
[EventType "swiss (rapid)"]
[EventRounds "9"]
[EventCountry "CZE"]
[SourceTitle "EXT 2024"]
[Source "ChessBase"]
[SourceDate "2023.10.10"]
[SourceVersion "1"]
[SourceVersionDate "2023.10.10"]
[SourceQuality "1"]

1. e4 g6 2. d4 Bg7 3. Be3 c6 4. f3 d5 5. e5 c5 6. c3 Nc6 7. Bb5 cxd4 8. cxd4 Qb6 9. Nc3 e6 10. Nge2 Nge7 11. Qd2 Nf5 12. 0-0 Nxe3 13. Qxe3 0-0 14. f4 Ne7 15. Qd2 f6 16. Kh1 fxe5 17. fxe5 Nf5 18. g4 Bh6 19. Qd3 Ne3 20. Rxf8+ Kxf8 21. h4 a6 22. g5 Nf5 23. gxh6 axb5 24. Nxb5 Bd7 25. Nbc3 Qd8 26. Qh3 Qxh4 27. Qxh4 Nxh4 28. Ng3 Ke7 29. a4 Rc8 30. Rf1 Rc4 31. Rf4 g5 32. Rg4 Nf3 33. Kg2 Nxe5 34. Rxg5 Nf7 35. Rg7 Rxd4 36. Rxh7 Rh4 37. Nge2 Rxh6 38. Rxh6 Nxh6 39. Kf3 Kd6 40. b4 Nf7 41. Ke3 Ne5 42. Nd4 0-1

[Event "CZE-chT2F 2223"]
[Site "Czech Republic"]
[Date "2023.02.05"]
[Round "8"]
[White "Myrmus, Mateusz"]
[Black "Senkyr, Martin"]
[Result "1-0"]
[WhiteElo "1943"]
[BlackElo "2109"]
[PlyCount "77"]
[EventDate "2022.10.16"]
[EventType "team-tourn"]
[EventRounds "11"]
[EventCountry "CZE"]
[SourceTitle "EXT 2024"]
[Source "ChessBase"]
[SourceDate "2023.10.10"]
[SourceVersion "1"]
[SourceVersionDate "2023.10.10"]
[SourceQuality "1"]
[WhiteTeam "Cesky Tesin Slavoj"]
[BlackTeam "Zlin"]
[WhiteTeamCountry "CZE"]
[BlackTeamCountry "CZE"]

1. e4 e5 2. Nf3 Nc6 3. Bc4 Nf6 4. Ng5 d5 5. exd5 Na5 6. Bb5+ c6 7. dxc6 bxc6 8. Qf3 Rb8 9. Bd3 Be7 10. 0-0 0-0 11. b3 h6 12. Ne4 Nd5 13. Ng3 f5 14. Bxf5 Bh4 15. Qg4 Nb4 16. Bxc8 Nxc2 17. Be6+ Kh8 18. Bb2 Nxa1 19. Bxa1 Rf4 20. Qh5 Bf6 21. Qg6 Qe8 22. Bf7 Qd7 23. Nh5 Rbb4 24. Nxf4 Rxf4 25. h3 e4 26. Qg3 Bg5 27. Bh5 Qe7 28. Bg4 h5 29. Bxh5 Nb7 30. Bd4 Rf5 31. Bg4 Bf4 32. Qc3 Rg5 33. Qxc6 Nd6 34. Qd7 Qf8 35. Be3 Qf6 36. Nc3 Qe5 37. Ne2 Bh2+ 38. Kh1 Rg6 39. Bd4 1-0

[Event "Moravia-Silesia Region-chT 2223"]
[Site "Czech Republic"]
[Date "2023.01.29"]
[Round "7"]
[White "Ondrejka, Pavel"]
[Black "Myrmus, Mateusz"]
[Result "1-0"]
[WhiteElo "1913"]
[BlackElo "2026"]
[PlyCount "109"]
[EventDate "2022.10.09"]
[EventType "team-tourn"]
[EventRounds "11"]
[EventCountry "CZE"]
[SourceTitle "EXT 2024"]
[Source "ChessBase"]
[SourceDate "2023.10.10"]
[SourceVersion "1"]
[SourceVersionDate "2023.10.10"]
[SourceQuality "1"]
[WhiteTeam "Bruntal"]
[BlackTeam "Karvina"]
[WhiteTeamCountry "CZE"]
[BlackTeamCountry "CZE"]

1. d4 Nf6 2. c4 g6 3. Nc3 d5 4. cxd5 Nxd5 5. e4 Nxc3 6. bxc3 Bg7 7. Be3 c5 8. Qd2 0-0 9. Nf3 Bg4 10. Be2 Qa5 11. Rc1 Rd8 12. d5 c4 13. Nd4 Bxe2 14. Qxe2 Nd7 15. Qxc4 Rac8 16. Qb5 Qxb5 17. Nxb5 a6 18. Nd4 Nc5 19. Ke2 Nxe4 20. c4 Rd7 21. f3 Bxd4 22. fxe4 Bxe3 23. Kxe3 Rdc7 24. Kd4 Rc5 25. Rc3 Ra5 26. a3 Ra4 27. Rb1 Rc7 28. Rb4 Ra5 29. c5 f6 30. c6 bxc6 31. dxc6 e5+ 32. Kd3 Kf7 33. Rb7 Rxb7 34. cxb7 Rb5 35. Rc7+ Ke6 36. a4 Rb1 37. Rxh7 Kd6 38. h4 Kc5 39. Rc7+ Kd6 40. Rg7 Kc5 41. Rxg6 Rxb7 42. Rxf6 Rb3+ 43. Ke2 Kd4 44. Rxa6 Kxe4 45. h5 Rb2+ 46. Kf1 Kf4 47. h6 e4 48. Rf6+ Kg5 49. h7 Rb8 50. Rf7 Kg6 51. Rb7 Rc8 52. a5 Kf5 53. Rg7 Rc1+ 54. Ke2 Rh1 55. a6 1-0

[Event "EU-ch Blitz"]
[Site "Katowice"]
[Date "2022.12.16"]
[Round "14"]
[White "Kastelik, Adrian"]
[Black "Myrmus, Mateusz"]
[Result "1-0"]
[WhiteElo "2091"]
[BlackElo "2012"]
[PlyCount "69"]
[EventDate "2022.12.16"]
[EventType "swiss (blitz)"]
[EventRounds "22"]
[EventCountry "POL"]
[SourceTitle "CBM 211 Extra"]
[Source "ChessBase"]
[SourceDate "2023.01.31"]
[SourceVersion "1"]
[SourceVersionDate "2023.01.31"]
[SourceQuality "1"]

1. e4 e6 2. d4 d5 3. e5 c5 4. Qg4 cxd4 5. Nf3 Nc6 6. Bd3 Nge7 7. 0-0 Ng6 8. Re1 Be7 9. a3 Bd7 10. b4 a6 11. Bb2 Rc8 12. Nbd2 0-0 13. Nb3 Qc7 14. Bxd4 Nxd4 15. Nbxd4 Qd8 16. Rac1 Rc3 17. Ra1 a5 18. Ne2 Rc8 19. b5 a4 20. Qxa4 Qc7 21. Qd4 Bc5 22. Qb2 Ra8 23. a4 Qb6 24. Ned4 Nf4 25. Bf1 f6 26. c3 Ng6 27. Nb3 Nxe5 28. Nxe5 fxe5 29. Nxc5 Qxc5 30. Rxe5 Rac8 31. c4 Rf4 32. cxd5 Rcf8 33. dxe6 Qb6 34. Bc4 Rxf2 35. e7+ 1-0

[Event "CZE-chT2F 2223"]
[Site "Czech Republic"]
[Date "2022.12.04"]
[Round "4"]
[White "Myrmus, Mateusz"]
[Black "Stancik, Jakub"]
[Result "1/2-1/2"]
[WhiteElo "1943"]
[BlackElo "2054"]
[PlyCount "156"]
[EventDate "2022.10.16"]
[EventType "team-tourn"]
[EventRounds "11"]
[EventCountry "CZE"]
[SourceTitle "EXT 2024"]
[Source "ChessBase"]
[SourceDate "2023.10.10"]
[SourceVersion "1"]
[SourceVersionDate "2023.10.10"]
[SourceQuality "1"]
[WhiteTeam "Cesky Tesin Slavoj"]
[BlackTeam "Vsetin"]
[WhiteTeamCountry "CZE"]
[BlackTeamCountry "CZE"]

1. e4 c5 2. Nf3 Nc6 3. c3 Qa5 4. Be2 d6 5. 0-0 Nf6 6. d3 g6 7. h3 Bg7 8. Be3 0-0 9. Nbd2 e5 10. Nc4 Qc7 11. Bg5 Re8 12. Ne3 Be6 13. Nd2 h6 14. Bxf6 Bxf6 15. Bg4 Bg5 16. Bxe6 fxe6 17. Qg4 Kh7 18. Nf3 Bf4 19. h4 h5 20. Qh3 Qe7 21. Rfd1 Qf6 22. a3 a5 23. Nc4 Red8 24. a4 Ra6 25. Na3 Rd7 26. Nd2 Ra8 27. Ndc4 Rad8 28. g3 Bh6 29. Qg2 Rf7 30. Nb6 Rdf8 31. Rf1 Qd8 32. Nbc4 d5 33. Ne3 d4 34. Nd1 Rf3 35. Nc2 Rxd3 36. f3 Rd2 37. Rf2 dxc3 38. Nxc3 Rxf2 39. Qxf2 Nd4 40. Ne1 Qb6 41. Kg2 Rf7 42. Rd1 Qb3 43. Rd3 c4 44. Rd1 Bf8 45. Rc1 Bc5 46. Qd2 Qb6 47. Rb1 Qd6 48. Rd1 Qf8 49. Qg5 Qg7 50. Qd8 b6 51. Qg5 Be7 52. Qe3 Qf6 53. Nb1 Bc5 54. Qg5 Nxf3 55. Qxf6 Nxe1+ 56. Rxe1 Rxf6 57. Re2 Bd4 58. Rc2 Rf7 59. Na3 g5 60. hxg5 Kg6 61. Nxc4 Kxg5 62. Nd6 Rd7 63. Nc4 Rc7 64. b3 Rf7 65. Nd6 Rd7 66. Nc4 Rf7 67. Nd6 Rf8 68. Nb5 Bc5 69. Nc7 Rf6 70. Kh3 Rh6 71. Rd2 h4 72. Rd7 hxg3+ 73. Kxg3 Rg6 74. Kf3 Rf6+ 75. Kg3 Bf2+ 76. Kg2 Bd4 77. Kg3 Bf2+ 78. Kg2 Bd4 1/2-1/2

[Event "Ustron op-B"]
[Site "Ustron"]
[Date "2022.08.20"]
[Round "9"]
[White "Moscicka, Pola"]
[Black "Myrmus, Mateusz"]
[Result "1/2-1/2"]
[WhiteElo "1917"]
[BlackElo "2004"]
[PlyCount "77"]
[EventDate "2022.08.12"]
[EventType "swiss"]
[EventRounds "9"]
[EventCountry "POL"]
[SourceTitle "CBM 209 Extra"]
[Source "ChessBase"]
[SourceDate "2022.09.30"]
[SourceVersion "1"]
[SourceVersionDate "2022.09.30"]
[SourceQuality "1"]

1. d4 Nf6 2. c4 g6 3. Nc3 d5 4. cxd5 Nxd5 5. e4 Nxc3 6. bxc3 Bg7 7. Nf3 c5 8. Be3 Bg4 9. Bb5+ Nc6 10. 0-0 0-0 11. Bxc6 bxc6 12. Rc1 Qa5 13. Qe2 Rfd8 14. Rfd1 Qa4 15. h3 Bxf3 16. gxf3 Rd7 17. e5 Rad8 18. f4 e6 19. Rd2 Bf8 20. Rdc2 c4 21. Rb1 Rd5 22. f5 Rb5 23. Rxb5 cxb5 24. fxe6 fxe6 25. Bg5 Rd7 26. h4 Qa6 27. h5 Qc6 28. Bf6 gxh5 29. Qe3 Bg7 30. f3 h6 31. Rg2 Kh7 32. Qe2 Bxf6 33. Qc2+ Kh8 34. exf6 Qxf3 35. Qg6 Qe3+ 36. Kh2 Qf4+ 37. Kg1 Qc1+ 38. Kh2 Qf4+ 39. Kg1 1/2-1/2

[Event "Bohumin op 5th"]
[Site "Bohumin"]
[Date "2022.07.10"]
[Round "9"]
[White "Pelc, Adam"]
[Black "Myrmus, Mateusz"]
[Result "1/2-1/2"]
[WhiteElo "1874"]
[BlackElo "2011"]
[PlyCount "60"]
[EventDate "2022.07.02"]
[EventType "swiss"]
[EventRounds "9"]
[EventCountry "CZE"]
[SourceTitle "CBM 209 Extra"]
[Source "ChessBase"]
[SourceDate "2022.09.30"]
[SourceVersion "1"]
[SourceVersionDate "2022.09.30"]
[SourceQuality "1"]

1. d4 Nf6 2. Bf4 g6 3. Nf3 Bg7 4. e3 d6 5. h3 0-0 6. Be2 b6 7. 0-0 Bb7 8. Nbd2 Nbd7 9. c3 Re8 10. Nc4 Ne4 11. Ncd2 e5 12. dxe5 Nxd2 13. Nxd2 dxe5 14. Bh2 Qe7 15. Qc2 Rad8 16. Rad1 Nc5 17. b4 Ne6 18. Nf3 Ng5 19. Nxg5 Qxg5 20. e4 Qe7 21. a4 c5 22. b5 Qh4 23. Bf3 Qe7 24. Be2 Qh4 25. Bf3 Rxd1 26. Rxd1 Rd8 27. Bg3 Qe7 28. Rxd8+ Qxd8 29. Be2 Bc8 30. Bc4 Qd6 1/2-1/2

[Event "Bohumin op 5th"]
[Site "Bohumin"]
[Date "2022.07.08"]
[Round "7"]
[White "Tymrakiewicz, Rafal"]
[Black "Myrmus, Mateusz"]
[Result "1-0"]
[WhiteElo "2205"]
[BlackElo "2011"]
[PlyCount "109"]
[EventDate "2022.07.02"]
[EventType "swiss"]
[EventRounds "9"]
[EventCountry "CZE"]
[SourceTitle "CBM 209 Extra"]
[Source "ChessBase"]
[SourceDate "2022.09.30"]
[SourceVersion "1"]
[SourceVersionDate "2022.09.30"]
[SourceQuality "1"]

1. Nf3 Nf6 2. d4 g6 3. Bf4 Bg7 4. e3 0-0 5. Nbd2 d6 6. Bc4 Nbd7 7. h3 c5 8. c3 a6 9. a4 b6 10. 0-0 Bb7 11. Qe2 d5 12. Bd3 Re8 13. Rfd1 Qc8 14. Ne5 Nxe5 15. Bxe5 Nd7 16. Bxg7 Kxg7 17. f4 a5 18. Qf3 e6 19. g4 f6 20. Rf1 Ba6 21. e4 Bxd3 22. Qxd3 Qc6 23. e5 f5 24. Rf2 cxd4 25. cxd4 Rac8 26. Qg3 Nf8 27. Nf3 Qd7 28. h4 Rc4 29. h5 Rec8 30. Kg2 Rc2 31. Raf1 Qxa4 32. gxf5 exf5 33. Qg5 Rxf2+ 34. Rxf2 Qd7 35. Qf6+ Kg8 36. Qxb6 Qd8 37. Qxd8 Rxd8 38. Rc2 Ne6 39. Kg3 Rb8 40. Rc6 Kf7 41. Rd6 Rb5 42. Ng5+ Nxg5 43. fxg5 gxh5 44. Kf4 Rxb2 45. e6+ Kg6 46. Rxd5 Rf2+ 47. Ke3 Rb2 48. Re5 Rb8 49. d5 a4 50. e7 Kf7 51. d6 Ke8 52. Rxf5 Kd7 53. Rf8 Re8 54. Kd4 a3 55. Kd5 1-0

[Event "CZE-chT2F 2122"]
[Site "Czech Republic"]
[Date "2022.04.03"]
[Round "11.7"]
[White "Myrmus, Mateusz"]
[Black "Podlesny, Petr"]
[Result "1-0"]
[WhiteElo "1997"]
[BlackElo "1877"]
[PlyCount "83"]
[EventDate "2021.10.17"]
[EventType "team-tourn"]
[EventRounds "11"]
[EventCountry "CZE"]
[SourceTitle "EXT 2024"]
[Source "ChessBase"]
[SourceDate "2023.10.10"]
[SourceVersion "1"]
[SourceVersionDate "2023.10.10"]
[SourceQuality "1"]
[WhiteTeam "Karvina"]
[BlackTeam "Havirov Banik"]
[WhiteTeamCountry "CZE"]
[BlackTeamCountry "CZE"]

1. e4 Nf6 2. e5 Nd5 3. d4 d6 4. Nf3 Bf5 5. c4 Nb6 6. Nc3 e6 7. exd6 cxd6 8. Be2 Be7 9. 0-0 0-0 10. Be3 N8d7 11. Rc1 h6 12. b4 Nf6 13. Nd2 Nbd7 14. Nb3 b6 15. d5 Ne5 16. Nd4 Rc8 17. Ncb5 Qd7 18. Nxf5 exf5 19. h3 Ne4 20. Nd4 Bf6 21. f4 Ng6 22. Nc6 Rfe8 23. Bd4 Ng3 24. Bd3 Nxf1 25. Qxf1 Bh4 26. Kh2 Be7 27. a4 Bf8 28. a5 bxa5 29. b5 Ra8 30. Qf2 Re7 31. Ra1 Ree8 32. Rxa5 Ne7 33. Rxa7 Rxa7 34. Bxa7 Nc8 35. Bd4 g6 36. Qb2 h5 37. b6 Qb7 38. Na5 Qb8 39. b7 Ne7 40. Nc6 Nxc6 41. dxc6 Qc7 42. Qb6 1-0

[Event "POL-ch U16"]
[Site "Sypniewo"]
[Date "2022.03.26"]
[Round "8"]
[White "Myrmus, Mateusz"]
[Black "Janeczko, Jakub"]
[Result "1/2-1/2"]
[WhiteElo "1925"]
[BlackElo "2053"]
[PlyCount "61"]
[EventDate "2022.03.19"]
[EventType "swiss"]
[EventRounds "9"]
[EventCountry "POL"]
[SourceTitle "CBM 207 Extra"]
[Source "ChessBase"]
[SourceDate "2022.05.31"]
[SourceVersion "1"]
[SourceVersionDate "2022.05.31"]
[SourceQuality "1"]

1. e4 c5 2. Nf3 Nc6 3. c3 Nf6 4. e5 Nd5 5. d4 cxd4 6. Bc4 Nb6 7. Bb3 d6 8. exd6 Qxd6 9. 0-0 Be6 10. Na3 a6 11. Ng5 Nd8 12. Nxe6 Nxe6 13. cxd4 g6 14. d5 Nc5 15. Nc4 Nxc4 16. Bxc4 Bg7 17. Qf3 0-0 18. Bf4 Be5 19. Bxe5 Qxe5 20. b4 Nd7 21. d6 Rac8 22. Qxb7 Rxc4 23. Qxd7 Qxd6 24. Qxd6 exd6 25. Rfd1 Rxb4 26. Rxd6 Ra4 27. g3 Rc8 28. Rd2 Rc3 29. Re1 Ra5 30. Kg2 Rca3 31. Ree2 1/2-1/2

[Event "CZE-chT2F 2122"]
[Site "Czech Republic"]
[Date "2021.11.21"]
[Round "3.7"]
[White "Krejci, Jan"]
[Black "Myrmus, Mateusz"]
[Result "1-0"]
[WhiteElo "2082"]
[BlackElo "1890"]
[PlyCount "81"]
[EventDate "2021.10.17"]
[EventType "team-tourn"]
[EventRounds "11"]
[EventCountry "CZE"]
[SourceTitle "EXT 2024"]
[Source "ChessBase"]
[SourceDate "2023.10.10"]
[SourceVersion "1"]
[SourceVersionDate "2023.10.10"]
[SourceQuality "1"]
[WhiteTeam "Litovel Tatran"]
[BlackTeam "Karvina"]
[WhiteTeamCountry "CZE"]
[BlackTeamCountry "CZE"]

1. Nf3 Nf6 2. c4 g6 3. b4 Bg7 4. Bb2 0-0 5. g3 d6 6. Bg2 e5 7. d3 c6 8. 0-0 Nbd7 9. Nbd2 Re8 10. e4 c5 11. a3 b6 12. Ne1 Nf8 13. Nc2 Ne6 14. f4 Nd4 15. Bxd4 cxd4 16. f5 a5 17. Nxd4 exd4 18. e5 Ra7 19. exf6 Bxf6 20. Be4 Bg5 21. b5 d5 22. cxd5 Bb7 23. Nc4 Bxd5 24. Bxd5 Qxd5 25. Qf3 Qc5 26. h4 Be3+ 27. Kh2 Rae7 28. Rab1 Rc8 29. a4 Rec7 30. Rb2 Re7 31. Rc2 Rce8 32. Qg2 Qb4 33. Nxb6 Qd6 34. Rc6 Qa3 35. Nd5 Re5 36. Nf6+ Kg7 37. Nxe8+ Rxe8 38. fxg6 hxg6 39. Rc7 Rf8 40. Qd5 Qxd3 41. Rfxf7+ 1-0

[Event "EU-ch qual Online"]
[Site "Tornelo INT"]
[Date "2020.12.18"]
[Round "2"]
[White "Myrmus, Mateusz"]
[Black "Kourkoulos Arditis, Stamatis"]
[Result "0-1"]
[WhiteElo "1683"]
[BlackElo "2485"]
[PlyCount "98"]
[EventDate "2020.12.18"]
[EventType "swiss"]
[EventRounds "11"]
[EventCountry "POL"]
[SourceTitle "CBM 199 Extra"]
[Source "ChessBase"]
[SourceDate "2021.01.31"]
[SourceVersion "1"]
[SourceVersionDate "2021.01.31"]
[SourceQuality "1"]

1. e4 e6 2. d4 d5 3. Nd2 Be7 4. Bd3 c5 5. exd5 Qxd5 6. Bb5+ Bd7 7. Bxd7+ Nxd7 8. Ngf3 cxd4 9. 0-0 Ngf6 10. Nb3 e5 11. Re1 Bb4 12. Bd2 Bxd2 13. Qxd2 0-0 14. Rad1 Rac8 15. c3 d3 16. Qxd3 Qxd3 17. Rxd3 e4 18. Rxd7 Nxd7 19. Rxe4 Rfe8 20. Rxe8+ Rxe8 21. Kf1 f6 22. Nfd4 a6 23. Na5 Nc5 24. g3 b6 25. Nc4 b5 26. Ne3 Na4 27. Nd1 Kf7 28. h4 g6 29. b3 Nc5 30. Ne3 Ne4 31. c4 Rd8 32. Nf3 Nd2+ 33. Nxd2 Rxd2 34. cxb5 axb5 35. a4 bxa4 36. bxa4 Ra2 37. Kg2 Rxa4 38. Kg1 Ke6 39. Kg2 f5 40. Kg1 f4 41. Ng2 f3 42. Nf4+ Kf5 43. Kh2 Ra2 44. Kg1 Ra1+ 45. Kh2 Rf1 46. Nh3 h6 47. h5 g5 48. Ng1 Rxf2+ 49. Kh1 Kg4 0-1

[Event "Rubinstein Memorial-C 55th"]
[Site "Polanica Zdroj"]
[Date "2019.08.24"]
[Round "8"]
[White "Gajzner, Ryszard"]
[Black "Myrmus, Mateusz"]
[Result "1/2-1/2"]
[WhiteElo "1740"]
[BlackElo "1598"]
[PlyCount "148"]
[EventDate "2019.08.17"]
[EventType "swiss"]
[EventRounds "9"]
[EventCountry "POL"]
[SourceTitle "EXT 2020"]
[Source "ChessBase"]
[SourceDate "2019.10.17"]
[SourceVersion "1"]
[SourceVersionDate "2019.10.17"]
[SourceQuality "1"]

1. d4 d5 2. c4 e6 3. Nf3 c5 4. cxd5 exd5 5. g3 Nf6 6. Bg2 c4 7. 0-0 Be7 8. b3 cxb3 9. axb3 0-0 10. Nc3 Nc6 11. Ne5 Be6 12. Nxc6 bxc6 13. Ba3 Bxa3 14. Rxa3 Qb6 15. Na4 Qb4 16. Qa1 Nd7 17. Rc1 Rfc8 18. Nc5 Nxc5 19. Rxc5 a5 20. e3 Bd7 21. Bf1 Ra7 22. Bd3 Rca8 23. Bc2 Qd2 24. Ra2 Qb4 25. Ra4 Qd2 26. Qd1 Qxd1+ 27. Bxd1 Kf8 28. f3 Ke7 29. e4 Kd6 30. Ra1 f6 31. Kf2 Re8 32. exd5 cxd5 33. Raxa5 Rxa5 34. Rxa5 Rb8 35. Ra6+ Bc6 36. Ke3 Re8+ 37. Kd2 Kc7 38. Bc2 Bb7 39. Ra5 Kb6 40. Rc5 h6 41. b4 Ra8 42. Bb3 Rd8 43. Ke3 g5 44. Kd2 Bc6 45. b5 Bb7 46. Bc2 Ra8 47. Ke3 Ra3+ 48. Bd3 Ra2 49. Be2 Ra3+ 50. Kd2 Ra4 51. Kc3 Ra2 52. Kd3 Ra1 53. f4 Rh1 54. fxg5 fxg5 55. h4 gxh4 56. gxh4 Rh3+ 57. Kd2 Rxh4 58. Ke3 Rh3+ 59. Bf3 h5 60. Kf4 h4 61. Bxd5 Bxd5 62. Rxd5 Rh1 63. Rh5 h3 64. Kg3 Rd1 65. Rd5 Rd3+ 66. Kh2 Rb3 67. Rh5 Rxb5 68. Rxh3 Rg5 69. Rc3 Rg4 70. Rd3 Kc6 71. Kh3 Rg8 72. Kh4 Kd5 73. Kh5 Rg1 74. Kh4 Rg8 1/2-1/2

[Event "Rubinstein Memorial-C 55th"]
[Site "Polanica Zdroj"]
[Date "2019.08.23"]
[Round "7"]
[White "Myrmus, Mateusz"]
[Black "Kaliszuk, Kamil"]
[Result "0-1"]
[WhiteElo "1598"]
[BlackElo "1853"]
[PlyCount "96"]
[EventDate "2019.08.17"]
[EventType "swiss"]
[EventRounds "9"]
[EventCountry "POL"]
[SourceTitle "EXT 2020"]
[Source "ChessBase"]
[SourceDate "2019.10.17"]
[SourceVersion "1"]
[SourceVersionDate "2019.10.17"]
[SourceQuality "1"]

1. e4 c5 2. c3 d5 3. exd5 Qxd5 4. d4 Nf6 5. Nf3 e6 6. Nbd2 Nc6 7. Bc4 Qd8 8. Bb5 Bd7 9. a3 cxd4 10. cxd4 a6 11. Ba4 Be7 12. 0-0 0-0 13. Bc2 Qc7 14. Bb1 Rfd8 15. Nb3 h6 16. Qc2 Rac8 17. Re1 Bd6 18. Nbd2 Ne7 19. Qxc7 Bxc7 20. Ne4 Nxe4 21. Bxe4 Bc6 22. Bxc6 Nxc6 23. Be3 Rd5 24. Red1 Rcd8 25. Kf1 e5 26. Rac1 Bb6 27. Nd2 Bxd4 28. Nc4 f5 29. g3 g5 30. f4 gxf4 31. gxf4 Bxe3 32. Nxe3 Rxd1+ 33. Rxd1 Rxd1+ 34. Nxd1 Kf7 35. Kf2 Ke6 36. Nc3 exf4 37. b4 b5 38. a4 bxa4 39. Nxa4 Nxb4 40. Kf3 Ke5 41. Nb6 Nd5 42. Nc4+ Kd4 43. Nd6 a5 44. Nxf5+ Kc3 45. Ke4 a4 46. Kxd5 a3 47. Nd4 a2 48. Ne2+ Kb2 0-1